| 000 | 00872nam a22002057a 4500 | ||
|---|---|---|---|
| 999 |
_c9604 _d9604 |
||
| 003 | AR-CdUCM | ||
| 008 | 190328b ||||| |||| 00| 0 spa d | ||
| 040 |
_aMUNICIPALIDAD PROVINCIAL DEL CUSCO _cBIBLIOTECA MUNICIPAL DEL CUSCO |
||
| 082 |
_a124.1 / _bD61 / 1936 |
||
| 100 |
_aDescartes _925921 |
||
| 245 | _aReglas para la dirección del espíritu / | ||
| 260 |
_aSantiago de Chile : _bErcilla, _c1936. |
||
| 300 |
_a106 páginas ; _c18.5 cm. |
||
| 440 |
_aBiblioteca amauta. _n3 _91824 |
||
| 505 | _aContenido: El fin de los estudios debe ser la dirección del espíritu -- Conviene ocuparse solo de aquellos objetos cuyo conocimiento , cierto e indudable, nuestra mente parece capaz de alcanzar -- Acerca de los objetos propuestos se debe de investigar ... | ||
| 650 |
_aFilosofía _9395 |
||
| 650 |
_aFilosofía francesa _915256 |
||
| 942 |
_2ddc _cLIBROS |
||
| 945 | _aacv | ||